00418nam a2200157Ia 4500003000400000008004200004040001600046082001300062100002200075245005100097260004300148300001000191650001500201650002100216650002300237GCL140319s9999 xx 000 0 aRus d aGCL / cGCL04a860bC V1 aCID, POEMA DE MIO10aVERSION DE PEDRO SALINAS / cCID, POEMA DE MIO a[S.N] : bA LIANZA EDITORIAL ، c1985 a228 P04aLITERATURE04aSPANISH LANGUAGE04aSPANISH LITERATURE